000 00641cam a22002293a 4500
001 4615
003 PGUSA
005 20140828083100.0
008 031101s2003||||xxu|||||s|||||000 i eng d
040 _aPGUSA
_beng
042 _adc
050 4 _aPR
100 1 _aBenson, Arthur Christopher,
_d1862-1925
245 1 4 _aThe Upton Letters
_h[electronic resource] /
_cArthur Christopher Benson
260 _bProject Gutenberg,
_c2003
506 _aPublic domain in the USA.
516 _aElectronic text
653 _aImaginary letters
830 0 _aProject Gutenberg
_v4615
856 4 0 _uhttp://www.gutenberg.org/ebooks/4615
942 _cEB
999 _c233944
_d233944